00439 a2200109 4500082001200000100001600012245009800028260008100126300003200207500003300239856005700272 aMS-IT-7 aSohail Khan aIdentity management architecture for electronic government processes in PakistancSohail Khan aIslamabad:bNUST School of Electrical Engineering & Computer Science,c2010. aix, 87 p. :bill. ;c27 cm. aSupervisor : Dr. Amir Hayat. uhttp://10.250.8.41:8080/xmlui/handle/123456789/31870